Normal view
MARC view
Entry Personal Name
001 - CONTROL NUMBER
- control field: 7066
003 - CONTROL NUMBER IDENTIFIER
- control field: OSt
005 - DATE AND TIME OF LATEST TRANSACTION
- control field: 20130310113140.0
008 - FIXED-LENGTH DATA ELEMENTS
- fixed length control field: 130310|||a|||||| | ||| d
040 ## - CATALOGING SOURCE
- Original cataloging agency: OSt
- Transcribing agency: OSt
100 ## - HEADING--PERSONAL NAME
- Personal name: Barrister, Peter Hungerford-Welch
670 ## - SOURCE DATA FOUND
- Source citation: Work cat.: (OSt): Barrister, Peter Hungerford-Welch, Criminal Litigation and sentencing / , 2011
